PHARMACOLOGY FOR MEDICAL GRADUATES (Record no. 20968)
[ view plain ]
| 000 -LEADER | |
|---|---|
| fixed length control field | 00352nam a22001577a 4500 |
| 003 - CONTROL NUMBER IDENTIFIER | |
| control field | SGT |
| 020 ## - INTERNATIONAL STANDARD BOOK NUMBER | |
| International Standard Book Number | 9788131262597 |
| 082 ## - DEWEY DECIMAL CLASSIFICATION NUMBER | |
| Classification number | 615 |
| Item number | P20S |
| 100 ## - MAIN ENTRY--PERSONAL NAME | |
| Personal name | SHANBHAG, TARA V. |
| 245 ## - TITLE STATEMENT | |
| Title | PHARMACOLOGY FOR MEDICAL GRADUATES |
| 250 ## - EDITION STATEMENT | |
| Edition statement | 4TH |
| 260 ## - PUBLICATION, DISTRIBUTION, ETC. (IMPRINT) | |
| Place of publication, distribution, etc | INDIA |
| Name of publisher, distributor, etc | ELSEVIER PUG |
| Year of Publication | 2020 |
| 300 ## - PAGE DESCRIPTION | |
| No. of Pages | 514 |
| 650 ## - SUBJECT ADDED ENTRY--TOPICAL TERM | |
| Topical term or geographic name as entry element | PHARMACOLOGY |
| 942 ## - ADDED ENTRY ELEMENTS (KOHA) | |
| Source of classification or shelving scheme | Dewey Decimal Classification |
| Koha item type | Books |
| 942 ## - ADDED ENTRY ELEMENTS (KOHA) | |
| -- | 270 |
| Withdrawn status | Lost status | Source of classification or shelving scheme | Damaged status | Not for loan | Collection code | Home library | Current library | Shelving location | Date acquired | Vendor Name | Cost, normal purchase price | SGTU | Bill Number | Total Checkouts | Full call number | Accession No. (Barcode) | Date last seen | Date last borrowed | Bill Date | Koha item type | Total Renewals |
|---|---|---|---|---|---|---|---|---|---|---|---|---|---|---|---|---|---|---|---|---|---|
| Dewey Decimal Classification | MEDICAL | SGT Medical Library | SGT Medical Library | Text Book | 26/03/2021 | ABC DELHI | 935.00 | SGTU | 12725 | 84 | 615 P20S | FM12261 | 18/05/2026 | 06/05/2026 | 19/02/2021 | Books | |||||
| Dewey Decimal Classification | MEDICAL | SGT Medical Library | SGT Medical Library | Text Book | 26/03/2021 | ABC DELHI | 935.00 | SGTU | 12725 | 65 | 615 P20S | FM12262 | 04/06/2026 | 21/05/2026 | 19/02/2021 | Books | 1 | ||||
| Dewey Decimal Classification | MEDICAL | SGT Medical Library | SGT Medical Library | Text Book | 26/03/2021 | ABC DELHI | 935.00 | SGTU | 12725 | 62 | 615 P20S | FM12263 | 13/10/2025 | 23/04/2025 | 19/02/2021 | Books | |||||
| Dewey Decimal Classification | MEDICAL | SGT Medical Library | SGT Medical Library | Text Book | 26/03/2021 | ABC DELHI | 935.00 | SGTU | 12725 | 55 | 615 P20S | FM12264 | 21/06/2025 | 05/06/2025 | 19/02/2021 | Books | 1 | ||||
| Dewey Decimal Classification | MEDICAL | SGT Medical Library | SGT Medical Library | Text Book | 26/03/2021 | ABC DELHI | 935.00 | SGTU | 12725 | 48 | 615 P20S | FM12265 | 14/06/2025 | 30/05/2025 | 19/02/2021 | Books | 3 |